|
|
|
|
| LEADER |
00704nam a2200253 a 4500 |
| 001 |
adlib96000001 |
| 003 |
ViArRB |
| 005 |
20151026132907.0 |
| 008 |
960221s1955 dcuabcdjdbkoqu001 0deng d |
| 020 |
|
|
|
| 022 |
|
|
|
| 040 |
|
|
|a Adlib
|
| 082 |
|
|
|a 621.382
|
| 245 |
|
|
|a Laser annealing of semiconductors
|
| 250 |
|
|
|
| 260 |
|
|
|a New York
|c 1982
|
| 300 |
|
|
|a viii, 564 p
|
| 500 |
|
|
|a Ref. at the end of each chap
|
| 100 |
|
|
|a Poate, J M
|e ed.
|
| 700 |
|
|
|a James , W Mayer
|
| 942 |
|
|
|c BK
|6 _
|
| 653 |
|
|
|a Laser
|a Semiconductor
|a Electric conductors
|a Electronics
|
| 999 |
|
|
|c 58658
|d 58658
|
| 952 |
|
|
|0 0
|1 0
|4 0
|6 621382_POA
|7 0
|9 71336
|a UL
|b UL
|d 2010-11-24
|o 621.382 POA
|p 00024967
|r 2010-11-24
|w 2010-11-24
|y BK
|